On This Day: July 3rd II Quiz Stats

 Plays Quiz Updated Jul 3, 2018

Score 0/7 Timer 03:00
0 Plays Today
Question Answer Wrong Answers
This time travel film, directed by Robert Zemeckis and starring Michael J. Fox and Christopher Lloyd, premiers.
1985
Back to the Future
97.5%
Bill & Ted's Excellent Adventure
0.6%
Flight of the Navigator
0.4%
The Time Machine
0.6%
Julian Assange, the Australian computer programmer and founder of this controversial organization, is born.
1971
WikiLeaks
95.3%
Reddit
1.3%
Twitter
1.7%
Cryptome
0.7%
This German engineer, who eventually joined his company with Daimler to produce the Mercedes, unveils the first purpose-built automobile.
1886
Karl Benz
91.3%
Nikolaus Otto
2%
Rudolf Diesel
4.5%
Jean-Pierre Peugeot
1.5%
The US Congress authorizes the country’s second mint, to be located in this city that had recently enjoyed a gold boom.
1852
San Francisco
83.6%
Sacramento
10.6%
Los Angeles
2.9%
San Diego
2.8%
Lieutenant Colonel George Washington surrenders Fort Necessity in Pennsylvania to the French during this war prior to the American Revolution.
1754
French and Indian War
74.5%
War of Jenkins' Ear
6%
French Revolutionary Wars
7.5%
Anglo-French War
11.9%
This key battle of the US Civil War, often cited as a turning point in the conflict, ends in Union victory after the failure of ‘Pickett’s Charge’ by the Confederates.
1863
Battle of Gettysburg
73.2%
Battle of Shiloh
5.2%
Battle of Antietam
13.4%
First Battle of Bull Run
7.6%
This American tennis player, now 3rd all-time with 14 Grand Slam titles, defeats Goran Ivanišević for his second consecutive Wimbledon championship.
1994
Pete Sampras
57.6%
Andre Agassi
24.4%
John McEnroe
9.2%
Andy Roddick
7.7%

You're not logged in!

Compare scores with friends on all Sporcle quizzes.
OR
Log In

Sporcle TV

Today on Sporcle TV


Watch our educational content, quiz creation guides, and fun videos on Sporcle TV.

Show Comments

Extras

Top Quizzes Today


Score Distribution

Your Account Isn't Verified!

In order to create a playlist on Sporcle, you need to verify the email address you used during registration. Go to your Sporcle Settings to finish the process.

Report this User

Report this user for behavior that violates our Community Guidelines.

Details: